00818nam a2200241 i 450000100060000000300090000600500170001500700030003200800410003502000180007604000220009408000210011610000430013724500590018025000370023926000360027630000210031249000330033383000380036685200330040499900170043795201220045453405ES-MaACL20250822063120.0t|031023s2001 sp ||||0| spa j a84-8310-179-3 aM-BN bspa cM-BN a821.134.2-31"19"1 aBenítez Reyes, Felipe,d1960-92764713aLa propiedad del paraíso / cFelipe Benítez Reyes. a1ª ed. en colección Andanzas. aBarcelona : bTusquets, c2001. a130 p ; c21 cm.1 aColección Andanzas ; v45100aColección Andanzasv4519234359 aES-MaACLjL-26547 bR.131488 c53405d53405 00104070aATENEOMbATENEOMcDEPO2d2008-01-17eSCl0oL-26547p1056115r2023-02-23 00:00:00w2023-02-23yMONOGRAFIA